000 00662nam a2200217Ia 4500
003 OSt
005 20250123103540.0
008 210716s1974 xx 000 0 und d
020 _a038000321X
040 _cAIMIT LIBRARY
041 _aeng
082 _a808.83
_21
_bREAP
100 _aRead, Piers Paul.
_9194754
245 _aAlive /
_cBy Piers Paul Read.
250 _a1st ed.
260 _aNew York :
_bAvon Books ;
_c1975.
300 _a318p. ;
_bPB
_c17 cm.
650 _aA group of the old christians and their friends in mendoza
_9194755
650 _aCanessa and parrado setting off for los maitenes
_9194756
942 _2ddc
_cBK
_e1st ed.
_k808.83 REAP
999 _c200364
_d200364